000 00391nam a22001457a 4500
003 MACL
005 20190908160529.0
008 190908b xxu||||| |||| 00| 0 eng d
040 _cMACL
100 _aAmalendu De
_976609
245 _aNorth -East India:sodiety, Culture and Development
260 _aKolkata
_bThe Asiatic Society
_c2016
650 _aSocial Science
_976610
942 _2ddc
_cBK
999 _c60976
_d60976